000 00476nam a2200217Ia 4500
001 109910
003 YMCAF
005 20230512162406.0
008 100717s2003 ||||||||||||||||| ||und|d
024 _a109910
035 _aWB897
040 _aYMCAF
_beng
_cIN-KoLT
041 _aeng
082 _a621.46
_bLEO
100 _aLeonhard, Werner
245 0 _aControl of electrical drives
250 _a3rd
260 _bSpringer
_c2003
300 _a460
942 _2ddc
_cBK
999 _c11682
_d11682